Statistics for Famous Painting to Artist Click Quiz #2

Click here to take the quiz!

General Stats

  • This quiz has been taken 1,527 times
  • The average score is 11 of 20

Answer Stats

HintAnswer% Correct
Qiu Ying
79%
Hokusai
75%
Jackson Pollock
71%
Raphael
66%
Wassily Kandinsky
63%
Eugène Delacroix
62%
Hieronymus Bosch
61%
James McNeill Whistler
57%
Roy Lichtenstein
56%
Pierre-Auguste Renoir
56%
René Magritte
55%
Francisco Goya
53%
Édouard Manet
51%
Grant Wood
50%
Caravaggio
49%
Georges Seurat
47%
Georgia O'Keeffe
46%
Lucian Freud
39%
William Blake
36%
Henri Rousseau
27%

Score Distribution

Percentile by Number Answered

Percent of People with Each Score

Your Score History

You have not taken this quiz